Statistics for Bowlers With Most Test Match Wickets For England

Click here to take the quiz!

General Stats

  • This quiz has been taken 23 times
  • The average score is 6 of 10

Answer Stats

WicketsAnswer% Correct
484Anderson
100%
383Botham
96%
378Broad
96%
325Willis
83%
307Trueman
74%
255Swann
65%
248Hoggard
52%
297Underwood
48%
252Statham
26%
236Bedser
9%

Score Distribution

Percentile by Number Answered

Percent of People with Each Score

Your Score History

You have not taken this quiz